[Event "30th Open"]
[Site "San Sebastian ESP"]
[Date "2007.04.03"]
[Round "3"]
[White "Dobrev,Nan"]
[Black "Diaz Herrero,A"]
[Result "1-0"]
[WhiteElo "2467"]
[BlackElo "1918"]

1.d4 Nf6 2.Nf3 e6 3.c4 Bb4+ 4.Nbd2 b6 5.a3 Bxd2+ 6.Bxd2 Bb7 7.g3 O-O 8.Bg2 Ne4
9.Ng5 d5 10.Nxe4 dxe4 11.Be3 Nd7 12.f3 exf3 13.exf3 e5 14.d5 c6 15.d6 c5
16.O-O Re8 17.b4 Rc8 18.Qb3 Ba8 19.Rad1 e4 20.f4 f5 21.Bh3 Rf8 22.Rf2 Rc6
23.Rfd2 Rf6 24.Rd5 Qf8 25.Kf2 g6 26.b5 Rcxd6 27.Rxd6 Rxd6 28.g4 fxg4 29.Bxg4 Nf6
30.Be2 Qd8 31.Rg1 Qd7 32.Rg3 Bb7 33.a4 Kf7 34.a5 Bc8 35.Qb2 Qe7 36.Qe5 Re6
37.Qg5 Rd6 38.h4 Ng8 39.Qe5 Re6 40.Qb8 Qb7 41.Qxb7+ Bxb7 42.h5 Nh6 43.hxg6+ hxg6
44.Rh3 Kg7 45.Rxh6 Kxh6 46.f5+ Kg7 47.fxe6 Kf6 48.Bg4 Ke7 49.Bg5+ Ke8 50.a6 Bc8
51.Ke3  1-0

[Event "9th Open"]
[Site "Foxwoods USA"]
[Date "2007.04.05"]
[Round "3"]
[White "Vavrak,P"]
[Black "Harper,W"]
[Result "1-0"]
[WhiteElo "2421"]
[BlackElo "2195"]

1.d4 Nf6 2.c4 e6 3.Nf3 Bb4+ 4.Nbd2 d5 5.e3 O-O 6.Bd3 dxc4 7.Bxc4 a6 8.O-O b5
9.Bd3 c5 10.e4 e5 11.Nxe5 Qxd4 12.Ndf3 Qd6 13.Nxf7 Rxf7 14.e5 Qc6 15.exf6 Bb7
16.Bc4 bxc4 17.Qd8+ Rf8 18.f7+ Kxf7 19.Ne5+ Kg8 20.Nxc6 Rxd8 21.Nxd8 Be4
22.a3 Ba5 23.Ne6 Nd7 24.Rd1 Re8 25.Nxg7 Re7 26.Nh5 Bc2 27.Bg5 Bxd1 28.Rxd1 Re1+
29.Rxe1 Bxe1 30.Nf6+ Nxf6 31.Bxf6 Bd2 32.Bc3 Bc1 33.g3  1-0

[Event "45th Doeberl Cup"]
[Site "Canberra AUS"]
[Date "2007.04.06"]
[Round "2"]
[White "Skiotis,P"]
[Black "Johansen,D"]
[Result "0-1"]
[WhiteElo "2170"]
[BlackElo "2456"]

1.d4 Nf6 2.c4 e6 3.Nf3 Bb4+ 4.Nbd2 d5 5.Qa4+ Nc6 6.a3 Be7 7.e3 O-O 8.Bd3 a5
9.Qc2 a4 10.O-O g6 11.b4 axb3 12.Qxb3 b6 13.Bb2 Bb7 14.Qc3 Na5 15.Ne5 Nd7
16.cxd5 exd5 17.f4 Nxe5 18.dxe5 c5 19.Qc2 Rc8 20.f5 c4 21.Be2 c3 22.Bxc3 Bg5
23.Qd3 Ba6 24.Qxa6 Rxc3 25.Nf3 Bxe3+ 26.Kh1 Nb3 27.Rad1 gxf5 28.Qb7 d4 29.e6 fxe6
30.Ne5 Nc5 31.Qc6 Rf6 32.Rf3 Ne4 33.Bc4 Kh8 34.Qb7 Nd6 35.Qa7 Rxc4 36.Rxe3 dxe3
37.Nxc4 e2 38.Re1 Nxc4 39.Qa4 b5 40.Qb3 Qd2  0-1

[Event "II Rapid"]
[Site "Canada de Calatrava ESP"]
[Date "2007.04.07"]
[Round "5"]
[White "Karpov,Ana"]
[Black "Kogan,Ar"]
[Result "1-0"]
[WhiteElo "2668"]
[BlackElo "2566"]

1.d4 Nf6 2.c4 e6 3.Nf3 Bb4+ 4.Nbd2 d5 5.a3 Be7 6.b4 a5 7.b5 c5 8.bxc6 bxc6
9.e3 O-O 10.Qc2 Nbd7 11.c5 a4 12.Bd3 Qa5 13.O-O Ba6 14.Bxa6 Qxa6 15.Bb2 Rab8
16.Bc3 Ne8 17.Ne1 Nc7 18.Nd3 f5 19.Rfb1 Rxb1+ 20.Rxb1 Nb5 21.Rb4 Nxa3 22.Rxa4 Nxc2
23.Rxa6 e5 24.dxe5 f4 25.exf4 d4 26.Ba5 Rc8 27.Ne4 Rb8 28.Kf1 Rb3 29.Ke2 Ra3
30.Ra8+ Nf8 31.Ra7 Ra2 32.Bb6 Na3+ 33.Kf3 Ng6 34.g3 Bf8 35.Bc7 Ne7 36.Bd6  1-0

[Event "XXXVIII Open"]
[Site "Mar del Plata ARG"]
[Date "2007.04.07"]
[Round "9"]
[White "Liascovich,L"]
[Black "Rodriguez,And ESP"]
[Result "0-1"]
[WhiteElo "2407"]
[BlackElo "2306"]

1.d4 e6 2.Nf3 Nf6 3.c4 Bb4+ 4.Nbd2 b6 5.g3 Ba6 6.Qc2 O-O 7.Bg2 d5 8.O-O c6
9.Ne5 dxc4 10.Ndxc4 Nd5 11.a3 Be7 12.Rd1 Qc8 13.Bd2 Rd8 14.e4 Nf6 15.Bb4 Bxb4
16.axb4 Qb7 17.Ra3 Bb5 18.Rf3 Na6 19.Nxf7 Qxf7 20.e5 Qg6 21.Qxg6 hxg6 22.exf6 Bxc4
23.fxg7 Nxb4 24.Re3 Rd6  0-1

[Event "Kaupthing GM"]
[Site "Reykjavik ISL"]
[Date "2007.04.08"]
[Round "7"]
[White "Kveinys,A"]
[Black "Miezis,N"]
[Result "1/2-1/2"]
[WhiteElo "2546"]
[BlackElo "2521"]

1.d4 Nf6 2.Nf3 e6 3.c4 Bb4+ 4.Nbd2 c5 5.a3 Bxd2+ 6.Qxd2 cxd4 7.Qxd4 Nc6 8.Qd3 d5
9.cxd5 Qxd5 10.Qxd5 Nxd5 11.e4 Nf6 12.Bd3 O-O 13.b4 Rd8 14.Ke2 b6 15.Rd1  1/2-1/2

[Event "FSGM April"]
[Site "Budapest HUN"]
[Date "2007.04.09"]
[Round "3"]
[White "Prohaszka,P2"]
[Black "Ilincic,Z"]
[Result "1-0"]
[WhiteElo "2443"]
[BlackElo "2488"]

1.d4 Nf6 2.c4 e6 3.Nf3 Bb4+ 4.Nbd2 a5 5.a3 Bxd2+ 6.Bxd2 a4 7.Qc2 h6 8.e4 d5
9.e5 Ne4 10.Bb4 Nc6 11.cxd5 exd5 12.Bb5 Bd7 13.Bxc6 Bxc6 14.O-O Bb5 15.Rfe1 Ra6
16.Nd2 Rc6 17.Qd1 Rg6 18.Nxe4 dxe4 19.Rxe4 Qg5 20.g3 Qf5 21.Re3 h5 22.h4 Qh3
23.Rc1 c6 24.Qc2 b6 25.e6 Rhh6 26.d5 fxe6 27.dxc6 Ba6 28.c7 Bc8 29.Qd2 Kf7
30.Qd8  1-0

[Event "1st Archil Ebralidze Mem"]
[Site "Tbilisi GEO"]
[Date "2007.04.09"]
[Round "8"]
[White "Jojua,D"]
[Black "Gaprindashvili,V"]
[Result "1/2-1/2"]
[WhiteElo "2420"]
[BlackElo "2489"]

1.d4 Nf6 2.c4 e6 3.Nf3 Bb4+ 4.Nbd2 b6 5.e3 Bb7 6.Bd3 O-O 7.O-O d5 8.a3 Bd6
9.b4 a5 10.c5 Be7 11.Rb1 axb4 12.axb4 c6 13.Ne5 Qc7 14.Nb3 bxc5 15.Nxc5 Bxc5
16.bxc5 Ba6  1/2-1/2

[Event "Open"]
[Site "Metz FRA"]
[Date "2007.04.18"]
[Round "5"]
[White "Wirig,A"]
[Black "Eingorn,V"]
[Result "1/2-1/2"]
[WhiteElo "2443"]
[BlackElo "2588"]

1.d4 e6 2.c4 Nf6 3.Nf3 Bb4+ 4.Nbd2 a5 5.a3 Bxd2+ 6.Bxd2 d6 7.Qc2 Qe7 8.Bc3 Nbd7
9.b3 O-O 10.e3 b6 11.Be2 Bb7 12.O-O Rfc8 13.Nd2 c5 14.dxc5 Nxc5 15.Bf3 Bxf3
16.Nxf3 a4 17.bxa4 Nxa4 18.Bxf6 Qxf6 19.Qd2 Rxc4 20.Qxd6 Rd8 21.Qe5 Nc3 22.h3 Qxe5
23.Nxe5 Rc5 24.Nf3 Ra5 25.Nd4 Rda8 26.Nc2 Kf8 27.f3 Rc8 28.Rf2 Nd5 29.e4 Nf4
30.Rb1 Rg5 31.Kh2 Rxg2+ 32.Rxg2 Nxg2 33.Kxg2 Rxc2+ 34.Kg3 Rc6 35.Rb5 Ke7
36.a4 Kf6 37.a5 bxa5 38.Rxa5 Rc1 39.Kg2 Kg6 40.Rb5 Rc7 41.Ra5 Rd7 42.Kg3 f6
43.Ra6 e5 44.Re6 Ra7 45.Kg4 Ra1 46.h4 Ra7 47.Rb6 h5+ 48.Kg3 Kf7 49.Rc6 Re7
50.Ra6 Re6 51.Ra7+ Kg6 52.Rb7 Kh6 53.Rb8 Kh7 54.Rf8 Ra6 55.Rf7 Ra8 56.Re7 Kg8
57.Kg2 Kf8 58.Rb7 Re8 59.Kg3 Re7 60.Rb8+ Kf7 61.Rb6 g6 62.Ra6 Kg7 63.Rb6 f5
64.exf5 gxf5 65.Ra6 Rb7 66.Re6 Rb5 67.Kf2 Ra5 68.Kg3 f4+ 69.Kg2 Rb5 70.Kg1 Kf7
71.Rh6 Rb1+ 72.Kg2 Rb2+ 73.Kg1 Ke7 74.Ra6 Rd2 75.Rh6 Rc2 76.Ra6 Kd7 77.Rh6 Rd2
78.Rxh5 Ke6 79.Rh8 Rd7 80.h5 Rg7+ 81.Kf2 Rg5 82.Rh7 Kf6 83.Kf1 Rg3 84.Kf2 Rg8
85.Rh6+ Kf5 86.Rh7 Ra8 87.Kf1 Kg5 88.Kf2 Ra2+ 89.Ke1 Ra5 90.Kf2 Kh4 91.h6 Kg5
92.Rh8 Kg6 93.Ke2 Ra3 94.Kf2 Ra2+ 95.Kf1 Rh2 96.Rg8+ Kf7 97.Rh8 Rh5 98.Kg2 Kg6
99.Rg8+ Kxh6 100.Kf2 Rg5 101.Rf8 Kg7 102.Ra8 Rh5 103.Ra6 Rh6 104.Ra7+ Kf6
105.Ra8 Rh2+ 106.Kf1 Rb2 107.Rg8 Ke6 108.Rd8 Rb5 109.Kf2 Rd5 110.Re8+ Kd6
111.Ke2 Kc5 112.Ra8 Kb4 113.Rc8 Rc5 114.Ra8 Kc3 115.Ra3+ Kd4 116.Ra4+ Rc4
117.Ra2 Rb4 118.Rd2+ Kc4 119.Rc2+ Kd5 120.Rd2+ Ke6 121.Ra2 Kf5 122.Ra8 Rb2+
123.Kf1 Ke6 124.Rd8 Ra2 125.Ke1 Ra6 126.Kf2 Rd6 127.Ra8 Kd5 128.Ra5+ Kd4
129.Ra4+ Kc3 130.Ra3+ Kb4 131.Ra2 Rd5 132.Rc2 Rc5 133.Rb2+ Kc3 134.Ra2 Kd3
135.Ra3+ Rc3 136.Ra5 Rc2+ 137.Ke1 e4 138.Ra3+ Kd4 139.fxe4 Kxe4 140.Kf1 Ke5  1/2-1/2

[Event "TCh-UKR"]
[Site "Alushta UKR"]
[Date "2007.04.22"]
[Round "1"]
[White "Nosenko,A"]
[Black "Zubarev,Al1"]
[Result "1-0"]
[WhiteElo "2508"]
[BlackElo "2511"]

1.d4 Nf6 2.Nf3 e6 3.c4 Bb4+ 4.Nbd2 O-O 5.a3 Be7 6.e3 b6 7.Bd3 c5 8.O-O Bb7
9.b3 cxd4 10.Nxd4 d5 11.Bb2 Nbd7 12.Rc1 a6 13.cxd5 Bxd5 14.Qe2 Nc5 15.Bc2 b5
16.b4 Ncd7 17.Rfd1 Rc8 18.N4b3 Qb6 19.Na5 e5 20.Nf1 Be6 21.h3 g6 22.Nd2 h6
23.Nf3 Bd6 24.e4 Bb8 25.Rd2 Nh5 26.Rcd1 Nf4 27.Qe1 Rfd8 28.Bb3 Bxb3 29.Nxb3 f6
30.Rxd7 Rxd7 31.Rxd7 Rc2 32.Bc1 Re2 33.Qf1 Ba7 34.Nc5  1-0

[Event "Abierto"]
[Site "Berazategui ARG"]
[Date "2007.04.22"]
[Round "7"]
[White "Mareco,S"]
[Black "Pacheco,M"]
[Result "1/2-1/2"]
[WhiteElo "2418"]
[BlackElo "2364"]

1.d4 Nf6 2.c4 e6 3.Nf3 Bb4+ 4.Nbd2 d5 5.Qc2 O-O 6.e3 b6 7.Bd3 dxc4 8.Bxc4 c5
9.dxc5 Bxc5 10.O-O Bb7 11.a3 Nbd7 12.b4 Bd6 13.Bb2 Qc7 14.Rac1 Rac8 15.Qa4 Qb8
16.Ba6 Rxc1 17.Rxc1 Rc8 18.Rxc8+  1/2-1/2

[Event "9th Open"]
[Site "Dubai UAE"]
[Date "2007.04.26"]
[Round "5"]
[White "Purnama,T"]
[Black "Navabi,S"]
[Result "0-1"]
[WhiteElo "2403"]
[BlackElo "2070"]

1.d4 Nf6 2.c4 e6 3.Nf3 Bb4+ 4.Nbd2 b6 5.g3 Bb7 6.Bg2 O-O 7.O-O Be7 8.Qc2 d5
9.cxd5 exd5 10.Nb3 Nbd7 11.Nh4 g6 12.Bg5 Re8 13.Rfd1 Nf8 14.Bh3 Ne4 15.Bxe7 Rxe7
16.Rac1 Qd6 17.Nf3 Qf6 18.Bg2 Rc8 19.e3 Nd7 20.Nbd2 c5 21.dxc5 Ndxc5 22.Nf1 Rec7
23.Qb1 Na4 24.Rxc7 Rxc7 25.Rd4 Nac5 26.h4 Qf5 27.Rd1 Ba6 28.N1h2 Be2 29.g4 Qd7
30.Rd4 Ne6 31.Rb4 Qc8  0-1

[Event "9th Open"]
[Site "Dubai UAE"]
[Date "2007.04.29"]
[Round "8"]
[White "Anastasian,A"]
[Black "Harika,D"]
[Result "1-0"]
[WhiteElo "2552"]
[BlackElo "2467"]

1.d4 Nf6 2.c4 e6 3.Nf3 Bb4+ 4.Nbd2 b6 5.a3 Bxd2+ 6.Bxd2 Bb7 7.Bf4 d6 8.e3 Nbd7
9.h3 O-O 10.Be2 Ne4 11.O-O Qe7 12.Qc2 f5 13.Bh2 Rf6 14.Rad1 Rg6 15.d5 Ng5
16.Kh1 Nxf3 17.Bxf3 Nf6 18.b4 Rf8 19.Rd4 Kh8 20.Rf4 e5 21.Rxf5 Bc8 22.e4 Bxf5
23.exf5 Rh6 24.Re1 Rh4 25.Be2 Qd7 26.Bf1 Rd4 27.g4 c6 28.f4 cxd5 29.fxe5 dxe5
30.Bxe5 Re8 31.c5 bxc5 32.bxc5 Re4 33.c6 Qe7 34.Rxe4 dxe4 35.c7 Qxe5 36.c8=Q Rxc8
37.Qxc8+ Qe8 38.Qxe8+ Nxe8 39.Kg2 h5 40.Kg3 hxg4 41.hxg4 g5 42.fxg6 Kg7 43.Kf4 Kxg6
44.a4 Nf6 45.a5 e3 46.Be2 Nd5+ 47.Ke4 Nb4 48.Kxe3 Nc6 49.Bf3 Ne5 50.Ke4 Kf6
51.g5+ Ke6 52.Be2 Nc6 53.Bc4+ Ke7 54.Bd5 Nb4 55.Ke5 Kf8 56.Be4 Kg7 57.Kd6 Kf7
58.Kc5 Na6+ 59.Kc6 Ke7 60.Bb1 Nb4+ 61.Kb7 Kd6 62.g6  1-0

[Event "TCh-RUS HL"]
[Site "Sochi RUS"]
[Date "2007.05.07"]
[Round "5"]
[White "Smirnov,Arte"]
[Black "Neverov,A"]
[Result "0-1"]
[WhiteElo "2403"]
[BlackElo "2389"]

1.d4 Nf6 2.c4 e6 3.Nf3 Bb4+ 4.Nbd2 c5 5.a3 Bxd2+ 6.Bxd2 b6 7.Bf4 d6 8.dxc5 dxc5
9.Qxd8+ Kxd8 10.Rd1+ Ke8 11.e3 Bb7 12.Be2 Nc6 13.O-O Rd8 14.Rxd8+ Kxd8 15.Rd1+ Kc8
16.Ng5 Nd8 17.b4 h6 18.Nf3 Ne4 19.Bd3 f6 20.Nd2 Nxd2 21.Rxd2 Bc6 22.Be2 Nb7
23.Bg4 Re8 24.h4 Re7 25.h5 Bd7 26.Bg3 e5 27.Be2 a5 28.Rb2 Kc7 29.f4 axb4
30.axb4 cxb4 31.fxe5 fxe5 32.Rxb4  0-1

[Event "TCh-RUS"]
[Site "Sochi RUS"]
[Date "2007.05.07"]
[Round "6"]
[White "Gelfand,B"]
[Black "Asrian,K"]
[Result "1/2-1/2"]
[WhiteElo "2733"]
[BlackElo "2635"]

1.d4 e6 2.c4 Bb4+ 3.Nd2 Nf6 4.Nf3 O-O 5.a3 Be7 6.e4 d5 7.Bd3 c5 8.dxc5 dxe4
9.Nxe4 Nxe4 10.Bxe4 Qxd1+ 11.Kxd1 Bxc5 12.b4 Be7 13.Bb2 Nd7 14.Kc2 Nf6 15.Bxf6 Bxf6  1/2-1/2

[Event "TCh-RUS HL"]
[Site "Sochi RUS"]
[Date "2007.05.09"]
[Round "7"]
[White "Poluljahov,A"]
[Black "Makarov,M"]
[Result "1/2-1/2"]
[WhiteElo "2503"]
[BlackElo "2515"]

1.d4 Nf6 2.c4 e6 3.Nf3 Bb4+ 4.Nbd2 O-O 5.e3 d5 6.Bd3 dxc4 7.Bxc4 b6 8.O-O Bb7
9.a3 Be7 10.Qe2 Nbd7 11.Rd1 c5  1/2-1/2

[Event "25th Liechtenstein Open"]
[Site "Triesen LIE"]
[Date "2007.05.12"]
[Round "2"]
[White "Peng Zhaoqin"]
[Black "Leutwyler,M"]
[Result "1-0"]
[WhiteElo "2439"]
[BlackElo "2165"]

1.d4 Nf6 2.c4 e6 3.Nf3 Bb4+ 4.Nbd2 b6 5.a3 Bxd2+ 6.Qxd2 Bb7 7.e3 d6 8.Be2 Nbd7
9.O-O O-O 10.b4 Qe7 11.Bb2 c5 12.Rfd1 Ne4 13.Qd3 f5 14.dxc5 bxc5 15.Ne1 Ne5
16.Bxe5 dxe5 17.Qd7 Qxd7 18.Rxd7 Rf7 19.Rd3 Rc7 20.Rad1 Nf6 21.Rd6 Re8 22.b5 Kf8
23.a4 Ne4 24.R6d3 a5 25.Nc2 Ke7 26.b6  1-0

[Event "ch-UZB"]
[Site "Tashkent UZB"]
[Date "2007.05.18"]
[Round "8"]
[White "Barsov,A"]
[Black "Filippov,An UZB"]
[Result "1/2-1/2"]
[WhiteElo "2521"]
[BlackElo "2481"]

1.d4 Nf6 2.c4 e6 3.Nf3 Bb4+ 4.Nbd2 b6 5.g3 Ba6 6.Qc2 O-O 7.Bg2 d5 8.O-O c6
9.Rd1 Nbd7 10.Qa4 Bxd2 11.Qxa6 Bxc1 12.Raxc1 Qc8 13.Qa3 Qb7 14.Rc2 Rac8 15.Rdc1 h6
16.Ne1 c5 17.cxd5 exd5 18.dxc5 bxc5 19.Nd3 Rfe8 20.e3 Ne4 21.Bxe4 dxe4 22.Nxc5 Rxc5
23.Rxc5 Nxc5 24.Rxc5 Rd8 25.Qa5 Qd7 26.Rc1 Qd2 27.Qc7 Rd3 28.Qc2 g6 29.a3 h5
30.h4 a5 31.Kg2 Kh7 32.Qc6 Rd6 33.Qc2 Kg7 34.Qc3+ Qxc3 35.Rxc3 Rd2 36.b3  1/2-1/2

[Event "50th TCh-SRB Cup"]
[Site "Mataruska Banja SRB"]
[Date "2007.05.21"]
[Round "1"]
[White "Jeremic,V"]
[Black "Milanovic,Sla"]
[Result "1/2-1/2"]
[WhiteElo "2537"]
[BlackElo "2304"]

1.d4 e6 2.c4 Nf6 3.Nf3 Bb4+ 4.Nbd2 b6 5.g3 Bb7 6.Bg2 O-O 7.O-O Bxd2 8.Qxd2 d6
9.b4 a5 10.b5 Nbd7 11.Bb2 Qe7 12.Rfd1 Be4 13.Bh3 h6 14.Qc3 Rfe8 15.Nd2 Bb7
16.f3 e5 17.e4 exd4 18.Qxd4 Qe5 19.Rac1 Nc5 20.Qxe5 dxe5 21.Nf1 Nh7 22.Ne3 Ng5
23.Bg2 f6 24.Nd5 Nge6 25.Ba3 Rad8 26.Kf2 Kf7 27.Ke3 g6 28.h4 f5 29.Bxc5 Bxd5
30.Bxb6 Bxc4 31.exf5 gxf5 32.Rxd8 Rxd8 33.Rxc4 cxb6 34.Rc6 f4+ 35.gxf4 exf4+
36.Kf2 Rd2+ 37.Kg1 Nd4 38.Rxb6 Nf5 39.Bh3 Nxh4 40.Bg4 Kg7 41.a4 Ra2 42.Rb8 Rxa4
43.b6 Rb4 44.b7 Rb2 45.Kf1 a4 46.Be6 Nxf3 47.Bd5 Nh2+ 48.Kg1 f3 49.Rg8+ Kh7
50.Rf8 a3 51.b8=Q f2+ 52.Rxf2 Rxb8 53.Kxh2 Rb2  1/2-1/2

[Event "3rd UKR Games Men"]
[Site "Evpatoria UKR"]
[Date "2007.05.22"]
[Round "3"]
[White "Koziak,V"]
[Black "Galakhov,V"]
[Result "1-0"]
[WhiteElo "2461"]
[BlackElo "2377"]

1.d4 e6 2.c4 Nf6 3.Nf3 Bb4+ 4.Nbd2 O-O 5.e3 d5 6.a3 Be7 7.Bd3 b6 8.O-O c5
9.b3 cxd4 10.exd4 Bb7 11.Qe2 Nc6 12.Bb2 Rc8 13.Rad1 Qc7 14.Rfe1 Rfd8 15.g3 Bf8
16.h4 Na5 17.Ne5 dxc4 18.bxc4 Ba8 19.Ndf3 Nc6 20.Nxf7 Qxf7 21.Ng5 Qd7 22.d5 exd5
23.Bxf6 gxf6 24.Bxh7+ Qxh7 25.Qe6+ Kh8 26.Nxh7 Kxh7 27.cxd5 Ne7 28.Qf7+  1-0

[Event "3rd UKR Games Men"]
[Site "Evpatoria UKR"]
[Date "2007.05.24"]
[Round "6"]
[White "Zubov,A UKR"]
[Black "Gutman,G"]
[Result "1/2-1/2"]
[WhiteElo "2542"]
[BlackElo "2490"]

1.d4 Nf6 2.c4 e6 3.Nf3 Bb4+ 4.Nbd2 b6 5.a3 Bxd2+ 6.Bxd2 Bb7 7.Bg5 d6 8.Qc2 Nbd7
9.Rd1 h6 10.Bh4 Qe7 11.e3 O-O 12.d5 Rfe8 13.Bd3 c5 14.dxc6 Bxc6 15.Nd4 Bxg2
16.Rg1 Bb7 17.b4 a6 18.Qb2 Rac8 19.f4 Qf8 20.Ne2 Kh8 21.Ng3  1/2-1/2

[Event "XXII Felix Cup"]
[Site "Felix Spa ROM"]
[Date "2007.05.26"]
[Round "3"]
[White "Itkis,B"]
[Black "Mitrica,O"]
[Result "1-0"]
[WhiteElo "2429"]
[BlackElo "2074"]

1.d4 Nf6 2.c4 e6 3.Nf3 Bb4+ 4.Nbd2 O-O 5.a3 Be7 6.e4 d6 7.Bd3 c5 8.d5 Na6
9.O-O Bd7 10.dxe6 Bxe6 11.Re1 Nd7 12.Nf1 Ne5 13.Ne3 Nc7 14.Bf1 Rb8 15.Bd2 b5
16.Nxe5 dxe5 17.Ba5 bxc4 18.Qxd8 Bxd8 19.Bc3 f6 20.a4 Na6 21.Bxc4 Bxc4 22.Nxc4 Bc7
23.Red1 Rfd8 24.Kf1 Kf7 25.Ke2 Ke6 26.g3 g6 27.Ne3 Nb4 28.Rxd8 Bxd8 29.Rd1 Na2
30.Nc4 Be7 31.f4 exf4 32.gxf4 Nb4 33.Ne3 Nc6 34.f5+ Kf7 35.Rd7 Rc8 36.Nd5 Ke8
37.Rb7 gxf5 38.exf5 Rd8 39.Nxe7 Nxe7 40.Bxf6 Rd7 41.Rxd7 Kxd7 42.Bxe7 Kxe7
43.Kd3 Kf6 44.Kc4 Kxf5 45.Kxc5 Kg4 46.b4 Kh3  1-0

[Event "35th World Open"]
[Site "King of Prussia USA"]
[Date "2007.06.01"]
[Round "4"]
[White "Fridman,D2"]
[Black "Simutowe,A"]
[Result "1-0"]
[WhiteElo "2635"]
[BlackElo "2419"]

1.d4 Nf6 2.c4 e6 3.Nf3 Bb4+ 4.Nbd2 b6 5.a3 Bxd2+ 6.Qxd2 a5 7.b3 Bb7 8.g3 d5
9.Bg2 a4 10.cxd5 Bxd5 11.b4 O-O 12.O-O Nbd7 13.Bb2 c5 14.Rfc1 Ne4 15.Qd3 c4
16.Rxc4 Bxc4 17.Qxc4 Rc8 18.Qd3 Nd6 19.Bc1 b5 20.Bf4 Nb6 21.Bxd6 Qxd6 22.Qxb5 Rc3
23.e3 Rfc8 24.Ne5 Rc1+ 25.Rxc1 Rxc1+ 26.Bf1 Qd8 27.Nd3 Ra1 28.Nc5 h6 29.Nxa4 Nxa4
30.Qxa4 Qd5 31.b5 Rc1 32.b6 g6 33.Qb4 Qa2 34.b7 Qe2 35.b8=Q+ Kh7 36.Kg2 Qxf1+
37.Kf3 Rc2 38.Ke4 Rxf2 39.Ke5 Rf5+ 40.Kd6 Qa6+ 41.Ke7 e5 42.Q4d6 Qd3 43.g4 Rf3
44.d5 Qxe3 45.Qxe5 Qc5+ 46.Kd7  1-0

[Event "1st Alushta Summer"]
[Site "Alushta UKR"]
[Date "2007.06.03"]
[Round "2"]
[White "Mankeyev,Raua"]
[Black "Shtyrenkov,V"]
[Result "1-0"]
[WhiteElo "2402"]
[BlackElo "2435"]

1.d4 Nf6 2.c4 e6 3.Nf3 Bb4+ 4.Nbd2 b6 5.g3 Bb7 6.Bg2 O-O 7.O-O d5 8.Ne5 Bd6
9.cxd5 Bxd5 10.e4 Bb7 11.Ng4 Nxg4 12.Qxg4 Be7 13.Nf3 Kh8 14.Rd1 Nd7 15.e5 Bd5
16.Qh5 f5 17.Ne1 c6 18.Bxd5 cxd5 19.Nd3 Qe8 20.Qh3 Rc8 21.Nf4 Rc6 22.Be3 g5
23.Nd3 Qg6 24.Qg2 Rfc8 25.Rd2 Rc2 26.f4 Rxd2 27.Qxd2 g4 28.Rc1 Qe8 29.Rc2 Nb8
30.Qc1 Rxc2 31.Qxc2 Nc6 32.Qa4 h5 33.Bd2 Qc8 34.Bc3 h4 35.gxh4 Kg7 36.Be1 Kg6
37.Bf2 Kh5 38.b4 Bxh4 39.Be3 Be7 40.Qb5 Kg6 41.a4 Kf7 42.a5 a6 43.Qxb6 Nxb4
44.Nxb4 Qc3 45.Nxd5 exd5 46.Bf2 Qc1+ 47.Kg2 Qxf4 48.Qxa6 Qe4+ 49.Kg1  1-0

[Event "35th World Open"]
[Site "King of Prussia USA"]
[Date "2007.06.03"]
[Round "7"]
[White "Gulamali,K"]
[Black "Hess,Ro"]
[Result "0-1"]
[WhiteElo "2370"]
[BlackElo "2412"]

1.Nf3 Nf6 2.c4 e6 3.d4 Bb4+ 4.Nbd2 O-O 5.a3 Be7 6.e4 d5 7.e5 Nfd7 8.cxd5 exd5
9.Bd3 c5 10.Qc2 h6 11.O-O Nc6 12.Re1 Qb6 13.Nf1 cxd4 14.b4 a5 15.b5 Nd8 16.Ng3 Nc5
17.Nxd4 Nxd3 18.Qxd3 Bc5 19.Be3 Ne6 20.Ndf5 Bxe3 21.Rxe3 Nf4 22.Qd2 Bxf5
23.Nxf5 Qe6 24.Nd4 Qb6 25.Rae1 Rac8 26.Nf5 Qe6 27.Nd6 Rc7 28.g3 Qg4 29.Kh1 Nh3
30.f4 d4 31.Rd3 Qg6 32.f5 Qg4 33.Rxd4 Qf3+ 34.Qg2 Ng5 35.Rd2 Qxa3 36.Rf1 Rc1
37.Rf2 Qe3 38.Rxc1 Qxc1+ 39.Rf1 Qe3 40.Nxb7 Qxe5 41.Nxa5 Qxb5 42.Nc6 Re8
43.h4 Ne4 44.Rc1 Qd3 45.Rg1 Qd5 46.Nb4 Nxg3+ 47.Kh2 Qxg2+ 48.Rxg2 Nxf5 49.Rg4 Re2+
50.Kg1 h5 51.Rf4 g6 52.Nd3 Kg7 53.Nf2 Ne3 54.Kh1 Re1+ 55.Kh2 Rf1 56.Kg3 Ng4
57.Nxg4 Rxf4 58.Kxf4 hxg4 59.Kxg4 Kh6  0-1

[Event "29th Mem Nezhmetdinov"]
[Site "Kazan RUS"]
[Date "2007.06.04"]
[Round "4"]
[White "Zakhartsov,V"]
[Black "Simonov,S"]
[Result "1-0"]
[WhiteElo "2551"]
[BlackElo "2297"]

1.d4 Nf6 2.Nf3 e6 3.c4 Bb4+ 4.Nbd2 b6 5.a3 Bxd2+ 6.Qxd2 Bb7 7.e3 O-O 8.Be2 d6
9.O-O a5 10.b3 Nbd7 11.Bb2 Ne4 12.Qc2 f5 13.Rad1 Qe7 14.d5 e5 15.b4 c6 16.Qb3 a4
17.Qa2 cxd5 18.cxd5 Rfc8 19.Bb5 Kh8 20.Rc1 Qf7 21.Rfd1 Rxc1 22.Rxc1 Bxd5
23.Qb1 Ndf6 24.h3 Bb3 25.Rc6 Nd5 26.Qc1 Rd8 27.Bc4 Qb7 28.Bxb3 axb3 29.Qc4 b5
30.Qxd5 Nf6 31.Qe6 Ne4 32.Rc1 Rf8 33.Qxb3 f4 34.exf4 Rxf4 35.Qc2 Qe7 36.Re1 d5
37.Nxe5 Rxf2 38.Qxf2  1-0

[Event "Baden Challenge III"]
[Site "Neuhausen GER"]
[Date "2007.06.05"]
[Round "1"]
[White "Bogner,S"]
[Black "Kuzubov,Y"]
[Result "0-1"]
[WhiteElo "2345"]
[BlackElo "2545"]

1.d4 Nf6 2.c4 e6 3.Nf3 Bb4+ 4.Nbd2 b6 5.a3 Bxd2+ 6.Bxd2 Bb7 7.Bg5 d6 8.e3 Nbd7
9.Bd3 h6 10.Bh4 g5 11.Bg3 h5 12.h3 h4 13.Bh2 Rg8 14.Qe2 g4 15.hxg4 Rxg4 16.O-O-O Qe7
17.Ne1 O-O-O 18.f3 Rg7 19.Bg1 Nh5 20.Rh3 Rdg8 21.Bf2 Ng3 22.Qd2 e5 23.e4 Qf6
24.Nc2 Kb8 25.Kb1 Nf8 26.Ne3 Ne6 27.Nd5 Qd8 28.dxe5 dxe5 29.Qc3 Nf4 30.Nxf4 exf4
31.Qe5 f5 32.Qxf4 fxe4 33.Bc2 Qe7 34.Bxg3 Rxg3 35.Bxe4 Rxg2 36.Bxb7 Qe2 37.Qd4 Kxb7
38.Rxh4  0-1

[Event "Baden Challenge III"]
[Site "Neuhausen GER"]
[Date "2007.06.05"]
[Round "2"]
[White "Ris,R"]
[Black "Brener,I"]
[Result "1/2-1/2"]
[WhiteElo "2411"]
[BlackElo "2413"]

1.d4 Nf6 2.Nf3 e6 3.c4 Bb4+ 4.Nbd2 d5 5.a3 Be7 6.g3 O-O 7.Bg2 b6 8.O-O Bb7
9.cxd5 Bxd5 10.Qc2 Nbd7 11.b4 c5 12.dxc5 bxc5 13.b5 a6 14.bxa6 Rxa6 15.Bb2 Qa8
16.Ne1 Rc8 17.Bxd5 exd5 18.Nd3 c4 19.Nb4 Re6 20.e3 Ne5 21.Bc3 h5 22.Qf5 g6
23.Qf4 Bd6 24.Qd4 Bc5 25.Qf4 Bd6 26.Qd4 Bc5 27.Qf4  1/2-1/2

[Event "ch-URU"]
[Site "Montevideo URU"]
[Date "2007.06.09"]
[Round "10"]
[White "Lopez Falcon,J"]
[Black "Carvalho,Gu"]
[Result "1/2-1/2"]
[WhiteElo "2144"]
[BlackElo "2255"]

1.d4 Nf6 2.c4 e6 3.Nf3 Bb4+ 4.Nbd2 O-O 5.a3 Be7 6.e4 d5 7.Bd3 dxe4 8.Nxe4 Nxe4
9.Bxe4 c5 10.Be3 cxd4 11.Bxd4 f5 12.Bc2 Nc6 13.Bc3 Bf6  1/2-1/2

[Event "11th Master Open"]
[Site "Voronezh RUS"]
[Date "2007.06.15"]
[Round "4"]
[White "Khlian,E"]
[Black "Anoshkin,A"]
[Result "1/2-1/2"]
[WhiteElo "2462"]
[BlackElo "2363"]

1.d4 Nf6 2.c4 e6 3.Nf3 Bb4+ 4.Nbd2 b6 5.e3 Bb7 6.Be2 Ne4 7.O-O Nxd2 8.Bxd2 Bxd2
9.Qxd2 d6 10.d5 e5 11.Ne1 Nd7 12.f4 exf4 13.exf4 O-O 14.Nc2 a5 15.Rae1 f5
16.Nd4 Nc5 17.Bd1 Bc8 18.Nc6 Qf6 19.Qd4 Bd7 20.Qxf6 Rxf6 21.Nd4 Kf8 22.Rf3 Rf7
23.Rfe3 Re8 24.Bc2 Rxe3 25.Rxe3 g6 26.Kf2 Re7 27.b3 Rxe3 28.Kxe3 Ke7 29.a3 Kf6
30.g3 Nb7 31.Bd1 Nd8 32.Ne2 Nf7 33.Nc3 Nh6 34.h3 Ke7 35.Bf3 Nf7 36.Kd4 Kf6
37.Be2 Ke7 38.Bd1 Nd8 39.Ke3 Nf7 40.b4 axb4 41.axb4 Bc8 42.Nb5 Kd8 43.Nd4 Bd7
44.Ne2 Nh6 45.Nc3 Ng8 46.Ba4 Nf6 47.Bd1 Ke7 48.Kd4 Kd8 49.Bf3 Ke7 50.Na2 Kd8
51.c5 bxc5+ 52.bxc5 Bb5 53.g4 fxg4 54.hxg4 h6 55.Nc3 Bd7 56.cxd6 cxd6 57.Ne4 Ne8
58.Nd2 Ke7 59.Be4  1/2-1/2

[Event "4th Alushta Summer"]
[Site "Alushta UKR"]
[Date "2007.06.21"]
[Round "7"]
[White "Volodin,Alek"]
[Black "Khantuev,A"]
[Result "1-0"]
[WhiteElo "2389"]
[BlackElo "2333"]

1.d4 Nf6 2.c4 e6 3.Nf3 Bb4+ 4.Nbd2 a5 5.g3 d5 6.Bg2 O-O 7.O-O Nc6 8.Qc2 a4
9.a3 Bxd2 10.Bxd2 Bd7 11.Rac1 Ne4 12.Be3 h6 13.Ne1 f5 14.Nd3 Be8 15.Rfd1 Qf6
16.cxd5 exd5 17.Nc5 Na5 18.Nxe4 fxe4 19.Qxc7 Bb5 20.Qc5 Bc4 21.Rxc4 dxc4
22.Bxe4 Rfc8 23.Qb5 Kh8 24.d5 Qe5 25.Bf3 Nb3 26.Qxb7 Rab8 27.Bf4 Qd4 28.Rxd4 Rxb7
29.Rd1 Nc5 30.Be5 Re8 31.Bc3 Rd7 32.Rd4  1-0

[Event "4th Alushta Summer"]
[Site "Alushta UKR"]
[Date "2007.06.22"]
[Round "8"]
[White "Belikov,V"]
[Black "Khantuev,A"]
[Result "1-0"]
[WhiteElo "2564"]
[BlackElo "2333"]

1.d4 Nf6 2.Nf3 e6 3.c4 Bb4+ 4.Nbd2 a5 5.a3 Bxd2+ 6.Bxd2 a4 7.Qc2 d6 8.e4 Nc6
9.e5 dxe5 10.dxe5 Nd7 11.Qe4 Qe7 12.Rd1 Nc5 13.Qg4 Rg8 14.Bg5 f6 15.Bxf6 Qf8
16.Bh4 Qf5 17.Qg5 h6 18.Qe3 b6 19.Be2 Bd7 20.O-O g5 21.Bg3 O-O-O 22.h3 Qg6
23.Ne1 Ne7 24.Nd3 Nf5 25.Qf3 Kb8 26.Nb4 Rdf8 27.Qh5 Qg7 28.Bh2 Nh4 29.Qg4 Bc8
30.Bg3 Bb7 31.Bxh4 Rf4 32.Qg3 Ne4 33.Qh2 gxh4 34.Bg4 Rff8 35.Rd3 Nc5 36.f3 Nxd3
37.Nxd3 Qg6 38.Nf4 Rxf4 39.Qxf4 h5 40.Qf6 hxg4 41.Qxg6 Rxg6 42.hxg4 Ba6 43.Kh2 Bxc4
44.Re1 Bd5 45.Kh3 Rh6 46.g5 Rh8 47.Kg4 Kc8 48.g6 h3 49.gxh3 Rg8 50.Kg5 Bxf3
51.h4 Kd7 52.Rf1 Be4 53.h5 Bf5 54.Rxf5 exf5 55.h6  1-0

[Event "King's Gambit B"]
[Site "Lipetsk RUS"]
[Date "2007.06.24"]
[Round "3"]
[White "Dmitrenko,V"]
[Black "Slugin,S"]
[Result "1/2-1/2"]
[WhiteElo "2367"]
[BlackElo "2383"]

1.d4 Nf6 2.Nf3 e6 3.c4 Bb4+ 4.Nbd2 d5 5.e3 O-O 6.a3 Be7 7.b3 c5 8.dxc5 Bxc5
9.Bb2 Nc6 10.b4 Be7 11.Qc2 Bd7 12.Bd3 dxc4 13.Qxc4 Rc8 14.Qb3 e5 15.O-O Be6
16.Bc4 Bxc4 17.Nxc4 e4 18.Rfd1 Qc7 19.Nfe5 Nxe5 20.Nxe5 Qc2 21.Qxc2 Rxc2
22.Bd4 a6 23.Rac1 Rfc8 24.Rxc2 Rxc2 25.h3 h5 26.g3 Bd6 27.Ba1 Bc7 28.Kg2 Ra2
29.Nd7 Nxd7 30.Rxd7 Bxg3 31.Kxg3 Rxa1 32.Rxb7 Rxa3 33.Re7 g6  1/2-1/2